00525 2200169 4500001002100000008004100021035002000062245008800082100001300170260004000183300002500223020002200248084001600270082001000286650004600296990001300342INLIS000000000000259 ind  a0010-0120000259 aPendidikan Agama Islam Aqidah AkhlakbUntuk Madrasah Tsanawiyah Kelas VIIcH. Masan aMasan, H aSemarang :bKarya Toha Putra,c2009 aVI, 158 hlm.c26 cm. a978-602-8368-35-3 a2X5.1 MAS p a2X5.1 aAkidah dan Akhlak -- Studi dan Pengajaran a21900259